| 000 | 00906nac a22002411u 4500 | ||
|---|---|---|---|
| 020 | _a0874755204 : | ||
| 082 | 0 |
_a940.54 _bILL |
|
| 090 |
_c9990 _d9990 |
||
| 100 | _a20080729 | ||
| 245 | 0 | 0 |
_aIllustrated World War II encyclopedia : _ban unbiased account of the most devastating war known to mankind ... / |
| 260 |
_aWestport, Conn. : _bH.S. Stuttman,1966. _cc1966. |
||
| 300 |
_av. : _bill. (some col.), maps (some col.) ; _c27 cm. |
||
| 500 | _aDonations - AUC. | ||
| 500 | _aIncludes index. | ||
| 500 | _aDonations. | ||
| 505 | _aIssues: V. 1, 2, 3, 4, 5, 6, 7, 8, 9, 10, 11, 12, 13, 14, 15, 16, 17, 18, 19, 20, 21, 22, 23 (1978) | ||
| 511 | _aCatalogued by: Sara. | ||
| 650 | 0 |
_aWorld War, 1939-1945 _vEncyclopedias. |
|
| 942 |
_cNB _k940.54ILL _hRDA-MOD |
||
| 999 |
_c9990 _d9990 |
||
| 336 |
_2rdacontent _atext _btxt |
||
| 337 |
_aunmediated _2rdamedia _bn |
||
| 338 |
_avolume _bnc _2rdacarrier |
||